000 00902nab a2200241u 4500
001 15436
003 HDC
007 c| |||a|c|aaaa
008 210217b20130801my ||||| |||| 00| 0 may d
040 _aHDC
100 _aSYED MOHD RIDZUWAN SYED ISMAIL /
_eauthor
_915642
245 0 _aUTM bangunkan sistem sembelih halal automatic /
_cSYED MOHD RIDZUWAN SYED ISMAIL
336 _atext
_2rdacontent
337 _acomputer
_2rdamedia
338 _aonline resource
_2rdacarrier
650 _aCentre for Artificial Intelligence & Robotics (CAIRO)
_915644
650 _aSyariah-Complaint Automated Chicken Processing System (SYCUT)
_915643
710 _aBERITA HARIAN
856 _zRequest full-text at [email protected]
942 _2lcc
942 _cNEWS
942 _kNWSC 003710
999 _c12752
_d12752